Herbal drugs industry : (Record no. 331811)

000 -LEADER
fixed length control field 01015nam a2200313 a 4500
001 - CONTROL NUMBER
control field 1194502
003 - CONTROL NUMBER IDENTIFIER
control field ASAB
005 - DATE AND TIME OF LATEST TRANSACTION
control field 20180116115833.0
008 - FIXED-LENGTH DATA ELEMENTS--GENERAL INFORMATION
fixed length control field 970313s1996 ii b 001 0 eng
010 ## - LIBRARY OF CONGRESS CONTROL NUMBER
LC control number 97900875
020 ## - INTERNATIONAL STANDARD BOOK NUMBER
International Standard Book Number 81-900181-1-6
025 ## - OVERSEAS ACQUISITION NUMBER
Overseas acquisition number I-E-97-900875; 44
040 ## - CATALOGING SOURCE
Original cataloging agency DLC
Transcribing agency ASAB
042 ## - AUTHENTICATION CODE
Authentication code lcode
043 ## - GEOGRAPHIC AREA CODE
Geographic area code a-ii---
050 00 - LIBRARY OF CONGRESS CALL NUMBER
Classification number HD9672.I52
Item number H47 1996
082 ## - DEWEY DECIMAL CLASSIFICATION NUMBER
Classification number 581.63
245 00 - TITLE STATEMENT
Title Herbal drugs industry :
Remainder of title practical approach to industrial pharmacognosy /
Statement of responsibility, etc. chief editor, R.D. Chaudhri.
250 ## - EDITION STATEMENT
Edition statement 1st ed.
260 ## - PUBLICATION, DISTRIBUTION, ETC.
Place of publication, distribution, etc. New Delhi :
Name of publisher, distributor, etc. Eastern Publishers,
Date of publication, distribution, etc. 1996.
300 ## - PHYSICAL DESCRIPTION
Extent xii, 648 p. ;
Dimensions 24 cm.
504 ## - BIBLIOGRAPHY, ETC. NOTE
Bibliography, etc. note Includes bibliographical references and index.
650 #0 - SUBJECT ADDED ENTRY--TOPICAL TERM
Topical term or geographic name entry element Pharmaceutical industry
Geographic subdivision India.
9 (RLIN) 5669
650 #0 - SUBJECT ADDED ENTRY--TOPICAL TERM
Topical term or geographic name entry element Herb industry
Geographic subdivision India.
9 (RLIN) 5670
700 1# - ADDED ENTRY--PERSONAL NAME
Personal name Chaudhuri, R. D.
Fuller form of name (Ram Dev)
9 (RLIN) 5671
906 ## - LOCAL DATA ELEMENT F, LDF (RLIN)
a 7
b cbc
c origode
d 3
e ncip
f 19
g y-gencatlg
942 ## - ADDED ENTRY ELEMENTS (KOHA)
Source of classification or shelving scheme
Koha item type Book
Holdings
Withdrawn status Lost status Source of classification or shelving scheme Damaged status Not for loan Collection code Permanent Location Current Location Date acquired Total Checkouts Full call number Barcode Date last seen Price effective from Koha item type
            Atta-ur-Rahman School of Applied Biosciences (ASAB) Atta-ur-Rahman School of Applied Biosciences (ASAB) 10/26/2017   581.63 CHA ASAB733 10/26/2017 10/26/2017 Book
© 2023 Central Library, National University of Sciences and Technology. All Rights Reserved.